All Cities on Lake Superior - Statistics

General Stats
  • This quiz has been taken 65 times
  • The average score is 4 of 7
Answer Stats
Region Population (xE3) City % Correct
Minnesota 120 Duluth
94%
Ontario 94 Thunder Bay
85%
Michigan 27 Marquette
79%
Wisconsin 7.3 Ashland
45%
Minnesota 3.6 Two Harbors
42%
Michigan 3 Munising
40%
Ontario 3.1 Marathon
19%
No matching quizzes found
Score Distribution
Percent of People with Each Score
Percentile by Number Answered
Your Score History
You have not taken this quiz